| 000 | 01298nam a2200265Ia 4500 | ||
|---|---|---|---|
| 999 |
_c55199 _d55199 |
||
| 001 | 22274 | ||
| 003 | GE_BSU | ||
| 005 | 20230221155400.0 | ||
| 008 | 181216s ||||ge |||||||||||||| ||geo|| | ||
| 020 | _a9789941237027 | ||
| 040 | _cGE_BSU | ||
| 041 | _ageo | ||
| 080 | _a821.353.1-311.6+94(479.22) ტ-92 | ||
| 100 |
_aტურაშვილი, დათო _91369 |
||
| 245 |
_aტყეების მეფე :ლეგენდები დავით აღმაშენებელზე : _bრომანი / _cდათო ტურაშვილი ; რედ. : მარინა სოხაძე, ნინო გოგალაძე ; ბოლოთქმა აკა მორჩილაძე. |
||
| 264 |
_aთბილისი : _bბაკურ სულაკაურის გამ-ბა, _c2016. |
||
| 300 |
_a240 გვ. ; _c22 სმ. |
||
| 541 | _h6ლ.50თ. | ||
| 653 | _aრომანი | ||
| 653 | _aტყეების მეფე | ||
| 653 | _aლეგენდები დავით აღმაშენებელზე | ||
| 700 |
_aსოხაძე, მარინა _eრედაქტორი _917000 |
||
| 700 |
_aგოგალაძე, ნინო _eრედაქტორი _912334 |
||
| 942 |
_cBK _2udc |
||